British Territory or Not - Statistics

General Stats
  • This quiz has been taken 20 times
  • The average score is 11 of 15
Answers on the Grid
Answers color-coded by a green-red scale on the quiz's grid according to % correct below.
Bahamas
St. Helena
Anguilla
Barbados
Guadeloupe
Montsterrat
BIOT
Cayman Islands
Turks and Caicos
Cape Verde
Pitcairn Islands
Tristen de Cunha
Grenada
Jersey
Jamaica
Guernsay
Bouvet Island
Bermuda
Hong Kong
Campbell Island
Gibraltar
Norfolk Island
Falkland Islands
South Georgia Islands
Ascension Island
 
Answer Stats
Answer % Correct
Anguilla
88%
Falkland Islands
88%
Jersey
88%
South Georgia Islands
88%
St. Helena
88%
Gibraltar
82%
Turks and Caicos
82%
Bermuda
71%
Cayman Islands
71%
Guernsay
71%
Montsterrat
65%
Pitcairn Islands
65%
Tristen de Cunha
59%
Ascension Island
53%
BIOT
41%
No matching quizzes found
Score Distribution
Percent of People with Each Score
Percentile by Number Answered
Your Score History
You have not taken this quiz